Every 100,000+ city in India: Bihar - Statistics

General Stats
  • This quiz has been taken 24 times
  • The average score is 17 of 36
Answer Stats
Letter Population City % Correct
P 3,105,684 Patna
100%
A 336,409 Arrah
80%
D 485,317 Darbhanga
80%
G 622,312 Gaya
80%
C 362,750 Chapra
70%
M 523,944 Muzaffarpur
70%
P 512,068 Purnia
70%
S 252,158 Sitamarhi
70%
B 459,096 Begusarai
60%
B 529,341 Bhagalpur
60%
B-S 302,990 Bihar Sharif
60%
B 152,093 Buxar
60%
K 145,120 Kishanganj
60%
M 214,711 Madhubani
60%
S 297,620 Samastipur
60%
B 421,993 Bettiah
50%
K 311,539 Katihar
50%
M 446,890 Motihari
50%
M 238,016 Munger
50%
A 109,043 Araria
40%
A 139,569 Aurangabad
40%
G 102,825 Gopalganj
40%
H 274,557 Hajipur
40%
S 172,203 Sasaram
40%
S 160,348 Siwan
40%
J 101,662 Jamui
30%
J 116,034 Jehanabad
30%
L 126,070 Lakhisarai
30%
M 110,196 Madhepura
30%
S 186,706 Saharsa
30%
B 136,270 Bagaha
20%
D 141,040 Dehri
20%
N 147,405 Nawada
20%
B 103,172 Barh
10%
M 143,815 Manpur
10%
N 107,380 Naugachhia
10%
No matching quizzes found
Score Distribution
Percent of People with Each Score
Percentile by Number Answered
Your Score History
You have not taken this quiz